000 01528cam a2200493 i 4500
001 17415
003 KOSZ 005
005 20250425062924.0
008 250424s1977 pl a g 001 0 pol
015 _aUWD 1977/3475
035 _a991005490659705066
035 _a(PL-WaBN)b1143529x-48omnis_nlop
035 _ab1143529x
035 _a(OCoLC)835735403
035 _azz2003992427
035 _a(PL)b0000001143529
035 _a(EXLNZ-48OMNIS_NETWORK)9910199531705606
040 _aWA N
_cWA N
_dKOSZ 005/RW
046 _k1977
080 _a94(417)
100 1 _aGrzybowski, Stanisław
_d(1930-2022)
_eAutor
245 1 0 _aHistoria Irlandii /
_cStanisław Grzybowski.
260 _aWrocław :
_bZakład Narodowy im. Ossolińskich,
_c1977.
300 _a390, [2] stron :
_bilustracje, mapy, errata ;
_c25 cm.
336 _aTekst
_btxt
_2rdacontent
337 _aBez urządzenia pośredniczącego
_bn
_2rdamedia
338 _aWolumin
_bnc
_2rdacarrier
380 _aKsiążki
380 _aPublikacje popularnonaukowe
388 1 _a1901-2000
388 1 _a1945-1989
500 _aErrata na stronie [392].
504 _aBibliografia na stronach 362-[364]. Indeksy.
650 7 _aGospodarka
650 7 _aKultura
650 7 _aPolityka
650 7 _aSpołeczeństwo
651 7 _aIrlandia
_2DBN
655 7 _aOpracowanie
658 _aHistoria
710 2 _aWydawnictwo Ossolineum
_4pbl
942 _2UKD
_cKS
999 _c17415
_d17415